000 00821nam a2200229 i 4500
001 114975
003 ES-MaACL
005 20260315204632.0
007 t|
008 070214s1929 sp ||||1| spa d
100 1 _aOliver, Federico,
_d1873-1957
_986807
245 1 4 _aLas Hilanderas
_b: zarzuela en un acto y tres cuadros /
_cFederico Oliver ; música del maestro José Serrano ; dibujos de Alonso.
260 _aMadrid :
_bRivadeneyra,
_c1929.
300 _a61 p. :
_bil. ;
_c17 cm.
490 1 _aLa Farsa ;
_v75
500 _aEstrenada en el Teatro Fontalba, de Madrid, la noche del 15 de febrero de 1929.
700 1 _aSerrano, José,
_d1873-1941
_9105700
700 0 _aAlonso
_c(ilustrador)
_920301
830 0 _aLa Farsa ;
_v75
_9185863
852 _aES-MaACL
_jC-13192
999 _c114975
_d114975